| 000 | 01129 a2200217 4500 | ||
|---|---|---|---|
| 005 | 20080828143238.0 | ||
| 008 | 080828t xxu||||| |||| 00| 0 hin d | ||
| 010 | _aHIN-82616 | ||
| 020 |
_c200.00 _a8185255393 |
||
| 035 | _aHN-54962 | ||
| 037 | _bपु.प्र.अ.प्र/प्रका | ||
| 082 | _a823.08 | ||
| 100 | _aसिंह, एस.आर. | ||
| 245 |
_aभारतीय सामाजिक विकास और हिन्दी उपन्यास / _cएस.आर.सिंह |
||
| 246 |
_aBhartiya Samajik Vikas aur Hindi Upnyas _bby Sewa Ram Singh |
||
| 260 |
_aदिल्ली _bअभिव्यक्ति प्रकाशन _c2008 |
||
| 270 |
_a29/61, गली नं.11, विश्वास नगर _bदिल्ली _e110032 |
||
| 300 |
_a160पृ _c22 सेमी (सजिल्द) |
||
| 942 |
_adpl _cHN _k823.08 / सिंहए _2ddc _h823.08 _mसिंहए |
||
| 999 |
_c10751 _d10751 |
||